[Event "GER-ch 2014-E email"]
[Site "GER email"]
[Date "2016.12.05"]
[Round "?"]
[White "Packroff, Hermann"]
[Black "Kocks, Friedhelm"]
[Result "1/2-1/2"]
[WhiteElo "2251"]
[BlackElo "2336"]
[PlyCount "49"]
[EventDate "2016.??.??"]
[EventType "tourn (corr)"]
[EventRounds "12"]
[EventCountry "GER"]
[SourceTitle "Corr 2017"]
[Source "ChessBase"]
[SourceDate "2017.09.19"]
[SourceVersion "1"]
[SourceVersionDate "2017.09.19"]
[SourceQuality "1"]

1. e4 c5 2. Nf3 d6 3. d4 cxd4 4. Nxd4 Nf6 5. Nc3 a6 6. Bg5 Nbd7 7. f4 e5 8. Nf5 Qb6 9. Qd2 Qxb2 10. Rb1 Qa3 11. Be2 h6 12. Bh4 exf4 13. 0-0 g6 14. Rxf4 g5 15. Rb3 Qa5 16. Nxd6+ Bxd6 17. Qxd6 gxf4 18. Ra3 Qb6+ 19. Qxb6 Nxb6 20. Bxf6 Rg8 21. Rb3 Nd7 22. Nd5 b5 23. Bh4 Bb7 24. Nc7+ Kf8 25. Nxa8 1/2-1/2

[Event "GER-ch 2014-D email"]
[Site "GER email"]
[Date "2016.11.28"]
[Round "?"]
[White "Kocks, Friedhelm"]
[Black "Ackermann, Emil"]
[Result "1/2-1/2"]
[WhiteElo "2336"]
[BlackElo "2228"]
[PlyCount "71"]
[EventDate "2016.??.??"]
[EventType "tourn (corr)"]
[EventRounds "12"]
[EventCountry "GER"]
[SourceTitle "Corr 2020"]
[Source "ChessBase"]
[SourceDate "2019.09.30"]
[SourceVersion "1"]
[SourceVersionDate "2019.09.30"]
[SourceQuality "1"]

1. e4 e6 2. d4 d5 3. Nc3 Nf6 4. e5 Nfd7 5. f4 c5 6. Nf3 Nc6 7. Be3 a6 8. Qd2 b5 9. a3 Qb6 10. Ne2 Qc7 11. g3 Be7 12. Bg2 Nb6 13. Qc1 cxd4 14. Nexd4 0-0 15. 0-0 Na4 16. c3 Bd7 17. Nxc6 Qxc6 18. Nd4 Qc7 19. Qd2 Nb6 20. b3 Rac8 21. Qf2 a5 22. f5 exf5 23. Nxf5 Bxf5 24. Qxf5 Bc5 25. Bd4 Bxd4+ 26. cxd4 Qc3 27. Kh1 Rce8 28. Qf2 Qxb3 29. Rab1 Qd3 30. Rfd1 Qc4 31. Bf1 Qc3 32. Bxb5 Rc8 33. Ba6 Rb8 34. Rb5 f6 35. e6 Qxa3 36. Re1 1/2-1/2

[Event "GER-ch 2014-D email"]
[Site "GER email"]
[Date "2016.11.28"]
[Round "?"]
[White "Kocks, Friedhelm"]
[Black "Drosson, Franz"]
[Result "0-1"]
[WhiteElo "2336"]
[BlackElo "2277"]
[PlyCount "74"]
[EventDate "2016.??.??"]
[EventType "tourn (corr)"]
[EventRounds "12"]
[EventCountry "GER"]
[SourceTitle "Corr 2020"]
[Source "ChessBase"]
[SourceDate "2019.09.30"]
[SourceVersion "1"]
[SourceVersionDate "2019.09.30"]
[SourceQuality "1"]

1. e4 c5 2. Nf3 d6 3. d4 cxd4 4. Nxd4 Nf6 5. f3 a6 6. c4 e6 7. Nc3 Be7 8. Be2 0-0 9. Be3 b6 10. Qc2 Bb7 11. 0-0-0 Nfd7 12. Kb1 Nc6 13. h4 Rc8 14. Nxc6 Bxc6 15. Qd2 Qc7 16. h5 Rfe8 17. b3 Qb7 18. h6 g6 19. Qb2 Bf6 20. Rxd6 b5 21. Qd2 bxc4 22. Bxc4 Ne5 23. Be2 a5 24. Rc1 Be7 25. Bf4 Bxd6 26. Qxd6 Nd7 27. Bc4 e5 28. Nd5 Bxd5 29. Bxd5 Qa7 30. Bg5 Rxc1+ 31. Bxc1 a4 32. Bc6 axb3 33. axb3 Rd8 34. Qe7 Rb8 35. Bd5 Rf8 36. g3 Qc7 37. f4 exf4 0-1

[Event "GER-ch 2014-D email"]
[Site "GER email"]
[Date "2016.11.28"]
[Round "?"]
[White "Roeckendorf, Paul Uwe"]
[Black "Kocks, Friedhelm"]
[Result "1/2-1/2"]
[WhiteElo "2275"]
[BlackElo "2336"]
[PlyCount "74"]
[EventDate "2016.??.??"]
[EventType "tourn (corr)"]
[EventRounds "12"]
[EventCountry "GER"]
[SourceTitle "Corr 2017"]
[Source "ChessBase"]
[SourceDate "2017.09.19"]
[SourceVersion "1"]
[SourceVersionDate "2017.09.19"]
[SourceQuality "1"]

1. e4 c5 2. Nf3 d6 3. d4 cxd4 4. Nxd4 Nf6 5. Nc3 a6 6. Be3 e5 7. Nb3 Be6 8. f3 Nbd7 9. g4 Nb6 10. g5 Nh5 11. Qd2 Be7 12. 0-0-0 0-0 13. Kb1 Rc8 14. Rg1 g6 15. Qf2 Nc4 16. Bxc4 Bxc4 17. h4 f5 18. Qd2 fxe4 19. fxe4 Qc7 20. Na4 b5 21. Nb6 Rb8 22. Nd5 Bxd5 23. Qxd5+ Rf7 24. Nd2 Qb7 25. Qb3 Rbf8 26. Rdf1 Kg7 27. Rxf7+ Rxf7 28. Qe6 Bf8 29. a3 Qc6 30. Qg4 Rc7 31. Rc1 Rf7 32. Qh3 Rc7 33. c4 Qe8 34. cxb5 Rxc1+ 35. Kxc1 Qxb5 36. Kc2 Qc6+ 37. Kd1 Qb5 1/2-1/2

[Event "GER-ch 2014-D email"]
[Site "GER email"]
[Date "2016.11.28"]
[Round "?"]
[White "Werner, Juergen1"]
[Black "Kocks, Friedhelm"]
[Result "1/2-1/2"]
[WhiteElo "2401"]
[BlackElo "2336"]
[PlyCount "58"]
[EventDate "2016.??.??"]
[EventType "tourn (corr)"]
[EventRounds "12"]
[EventCountry "GER"]
[SourceTitle "Corr 2017"]
[Source "ChessBase"]
[SourceDate "2017.09.19"]
[SourceVersion "1"]
[SourceVersionDate "2017.09.19"]
[SourceQuality "1"]

1. e4 c5 2. Nf3 d6 3. c3 Nf6 4. h3 Nc6 5. Bd3 d5 6. e5 Nd7 7. Bb5 Qb6 8. Ba4 c4 9. d4 cxd3 10. 0-0 g6 11. Na3 Bg7 12. Qxd3 Nc5 13. Qd1 Nxa4 14. Qxa4 0-0 15. Re1 Bf5 16. Nb5 Be4 17. Be3 Qd8 18. Nbd4 Bxf3 19. Nxf3 Nxe5 20. Nxe5 Bxe5 21. Bh6 Bg7 22. Bxg7 Kxg7 23. Qb4 e6 24. Qxb7 Qd6 25. Qb5 Rac8 26. Qd3 Qb6 27. Qd2 a5 28. Re3 a4 29. Rb1 Kg8 1/2-1/2

[Event "GER-ch 2014-A email"]
[Site "GER email"]
[Date "2015.06.15"]
[Round "?"]
[White "Kocks, Friedhelm"]
[Black "Fischer, Wolfgang"]
[Result "1/2-1/2"]
[WhiteElo "2146"]
[BlackElo "2200"]
[PlyCount "46"]
[EventDate "2015.??.??"]
[EventType "tourn (corr)"]
[EventRounds "10"]
[EventCountry "GER"]
[SourceTitle "Corr 2020"]
[Source "ChessBase"]
[SourceDate "2019.09.30"]
[SourceVersion "1"]
[SourceVersionDate "2019.09.30"]
[SourceQuality "1"]

1. e4 c5 2. Nf3 Nc6 3. d4 cxd4 4. Nxd4 Nf6 5. Nc3 e5 6. Ndb5 d6 7. Bg5 a6 8. Na3 b5 9. Nd5 Be7 10. Bxf6 Bxf6 11. c3 0-0 12. Nc2 Rb8 13. h4 Be7 14. Nce3 Be6 15. Qf3 Qd7 16. Bd3 Bd8 17. h5 h6 18. 0-0 Bg5 19. Nf5 a5 20. Bc2 a4 21. Rad1 Qa7 22. Nxd6 Rfd8 23. Nf5 b4 1/2-1/2

[Event "GER-ch 2013-E email"]
[Site "GER email"]
[Date "2015.04.15"]
[Round "?"]
[White "Kocks, Friedhelm"]
[Black "Voetter, Hans Dieter"]
[Result "1-0"]
[WhiteElo "2307"]
[BlackElo "2396"]
[PlyCount "129"]
[EventDate "2015.??.??"]
[EventType "tourn (corr)"]
[EventRounds "12"]
[EventCountry "GER"]
[SourceTitle "Corr 2017"]
[Source "ChessBase"]
[SourceDate "2017.09.19"]
[SourceVersion "1"]
[SourceVersionDate "2017.09.19"]
[SourceQuality "1"]

1. e4 e5 2. Nf3 Nc6 3. Bb5 f5 4. Nc3 fxe4 5. Nxe4 d5 6. Nxe5 dxe4 7. Nxc6 Qg5 8. Qe2 Nf6 9. f4 Qxf4 10. d4 Qh4+ 11. g3 Qh3 12. Bg5 a6 13. Ba4 Bd6 14. Ne5+ c6 15. 0-0-0 0-0 16. Bb3+ Be6 17. Qf1 Nd5 18. Qxh3 Bxh3 19. c4 Bxe5 20. cxd5 Bd6 21. dxc6+ Kh8 22. cxb7 Rab8 23. Bc2 Rxb7 24. Bxe4 Rb5 25. Bf4 Bxf4+ 26. gxf4 Rxf4 27. Bd3 Rb6 28. Rhe1 g5 29. Re8+ Kg7 30. Re7+ Rf7 31. Rxf7+ Kxf7 32. Bxh7 Rh6 33. Bc2 Ke7 34. Re1+ Kf6 35. Bd3 Be6 36. Re2 Rh4 37. Rf2+ Ke7 38. Bxa6 Bxa2 39. Kc2 Be6 40. Kc3 Kd6 41. Bf1 Rh8 42. b3 Bd7 43. b4 Rc8+ 44. Kb2 Rh8 45. Kb3 Be6+ 46. Kc3 Rc8+ 47. Kd2 Ra8 48. Rf6 Ke7 49. Rg6 Ra1 50. Bd3 Ra2+ 51. Ke3 Rxh2 52. Rxg5 Kd6 53. Be2 Rh1 54. b5 Re1 55. Rg6 Ke7 56. Kd2 Rb1 57. Bd3 Rb4 58. Ke3 Bd5 59. Be2 Rb2 60. Rh6 Bg2 61. Bc4 Rb4 62. Rh2 Rxc4 63. Rxg2 Rb4 64. Rg5 Kd6 65. Rc5 1-0

[Event "GER-ch 2013-E-F serv"]
[Site "GER email"]
[Date "2015.04.05"]
[Round "?"]
[White "Fischer, Detlev"]
[Black "Kocks, Friedhelm"]
[Result "1/2-1/2"]
[WhiteElo "2137"]
[BlackElo "2084"]
[PlyCount "71"]
[EventDate "2015.04.15"]
[EventType "tourn (corr)"]
[EventRounds "6"]
[EventCountry "GER"]
[SourceTitle "Corr 2020"]
[Source "ChessBase"]
[SourceDate "2019.09.30"]
[SourceVersion "1"]
[SourceVersionDate "2019.09.30"]
[SourceQuality "1"]

1. d4 d5 2. c4 e6 3. Nf3 Nf6 4. Nc3 Nbd7 5. cxd5 exd5 6. Qc2 c6 7. Bg5 Be7 8. e3 Nh5 9. Bxe7 Qxe7 10. h3 Nb6 11. Qb3 Nf4 12. a4 Nc4 13. Kd1 Ng6 14. Bxc4 dxc4 15. Qxc4 0-0 16. Qc5 Qe6 17. a5 Rd8 18. Kd2 h6 19. Rhd1 Re8 20. d5 cxd5 21. Qd4 Ne7 22. Ke1 Qa6 23. Nxd5 Nxd5 24. Qxd5 Be6 25. Qd6 Qb5 26. Rd2 Rad8 27. Qxd8 Rxd8 28. Rxd8+ Kh7 29. Rd2 Qc6 30. Kf1 Bxh3 31. Kg1 Qg6 32. Ne1 Be6 33. b4 Qg4 34. Rd4 Qe2 35. Nf3 Qc2 36. Ne5 1/2-1/2

[Event "GER-ch 2013-D email"]
[Site "GER email"]
[Date "2015.03.22"]
[Round "?"]
[White "Grube, Andreas"]
[Black "Kocks, Friedhelm"]
[Result "1/2-1/2"]
[WhiteElo "2067"]
[BlackElo "2084"]
[PlyCount "42"]
[EventDate "2015.??.??"]
[EventType "tourn (corr)"]
[EventRounds "10"]
[EventCountry "GER"]
[SourceTitle "Corr 2022"]
[Source "ChessBase"]
[SourceDate "2021.10.24"]
[SourceVersion "1"]
[SourceVersionDate "2021.10.24"]
[SourceQuality "1"]

1. Nf3 d5 2. d4 Nf6 3. c4 e6 4. g3 Be7 5. Bg2 0-0 6. 0-0 dxc4 7. Qc2 a6 8. a4 Bd7 9. Qxc4 Bc6 10. Bf4 Bd6 11. Nc3 Bxf4 12. gxf4 a5 13. e3 Na6 14. Ne5 Bxg2 15. Kxg2 Nb4 16. Kh1 Qe7 17. Rg1 g6 18. Rac1 Rfd8 19. Na2 Na6 20. Nc3 Kg7 21. Qb5 c5 1/2-1/2

[Event "GER-ch 2014-E-V9 serv"]
[Site "GER email"]
[Date "2014.12.08"]
[Round "?"]
[White "Kocks, Friedhelm"]
[Black "Just, Joachim"]
[Result "1/2-1/2"]
[WhiteElo "2104"]
[BlackElo "2005"]
[PlyCount "129"]
[EventDate "2014.12.22"]
[EventType "tourn (corr)"]
[EventRounds "6"]
[EventCountry "GER"]
[SourceTitle "Corr 2020"]
[Source "ChessBase"]
[SourceDate "2019.09.30"]
[SourceVersion "1"]
[SourceVersionDate "2019.09.30"]
[SourceQuality "1"]

1. e4 e5 2. Nf3 Nc6 3. Bb5 Nf6 4. d3 Bc5 5. c3 0-0 6. 0-0 d6 7. h3 Bb6 8. Nbd2 Ne7 9. Re1 c6 10. Ba4 Ng6 11. d4 h6 12. Bc2 Re8 13. a4 exd4 14. cxd4 Ba5 15. Re3 Be6 16. Nf1 Bb4 17. Bd2 Qa5 18. Bc3 Bxc3 19. bxc3 b6 20. Ng3 Rad8 21. Bb3 Bxb3 22. Qxb3 Nf4 23. Qc2 g6 24. e5 N6d5 25. Re4 Re6 26. Rc1 f5 27. exf6 Rxf6 28. c4 Nb4 29. Qb3 d5 30. cxd5 Nbxd5 31. Ne5 Qd2 32. Rd1 Qb4 33. Qxb4 Nxb4 34. Ng4 Rff8 35. Re7 Nbd5 36. Nxh6+ Kh8 37. Rxa7 Ra8 38. Rd7 Rxa4 39. Nf7+ Kg8 40. Ne5 Nc3 41. Rd2 Rf6 42. Rc2 Nfd5 43. Ne2 Nxe2+ 44. Rxe2 Re6 45. Rc2 Rxd4 46. Rxc6 Rd1+ 47. Kh2 Rxc6 48. Nxc6 Ne3 49. Rxd1 Nxd1 50. Kg3 Kf7 51. f4 Nc3 52. Nb4 Ne4+ 53. Kf3 Nf6 54. Nc6 b5 55. Ke3 Kg7 56. Kd4 Nh5 57. Ke4 Nf6+ 58. Ke5 Nd7+ 59. Kd4 Kf6 60. g4 Ke6 61. Nb4 Nf6 62. Nd3 Nd5 63. Nc5+ Kd6 64. Ne4+ Ke6 65. Ng5+ 1/2-1/2

[Event "GER-ch 2014-C-V7 serv"]
[Site "GER email"]
[Date "2014.07.08"]
[Round "?"]
[White "Hinz, Juergen"]
[Black "Kocks, Friedhelm"]
[Result "1/2-1/2"]
[WhiteElo "1998"]
[BlackElo "2128"]
[PlyCount "67"]
[EventDate "2014.07.10"]
[EventType "tourn (corr)"]
[EventRounds "6"]
[EventCountry "GER"]
[SourceTitle "Corr 2015"]
[Source "ChessBase"]
[SourceDate "2015.07.17"]
[SourceVersion "1"]
[SourceVersionDate "2015.07.17"]
[SourceQuality "1"]

1. d4 Nf6 2. c4 e6 3. Nf3 d5 4. Nc3 Nbd7 5. Bf4 dxc4 6. e3 Nb6 7. Bxc4 Nxc4 8. Qa4+ Bd7 9. Qxc4 Bd6 10. Bg5 h6 11. Bh4 g5 12. Bg3 Bc6 13. 0-0 Bxf3 14. gxf3 c6 15. Qb3 Bxg3 16. fxg3 Qc7 17. Ne4 Nd5 18. Rad1 0-0-0 19. Rd3 Kb8 20. Nc5 Ka8 21. Rc1 b6 22. Ne4 h5 23. Rd2 g4 24. Rdc2 Qe7 25. Rxc6 h4 26. Nf2 hxg3 27. hxg3 f5 28. e4 fxe4 29. fxe4 Qh7 30. exd5 Rdf8 31. Qe3 Qh2+ 32. Kf1 exd5 33. a4 Rf3 34. Rc8+ 1/2-1/2

[Event "GER-ch 2014-A-V5 serv"]
[Site "GER email"]
[Date "2014.02.14"]
[Round "?"]
[White "Kocks, Friedhelm"]
[Black "Bach, Werner"]
[Result "1/2-1/2"]
[WhiteElo "2087"]
[BlackElo "2169"]
[PlyCount "77"]
[EventDate "2014.02.24"]
[EventType "tourn (corr)"]
[EventRounds "6"]
[EventCountry "GER"]
[SourceTitle "Corr 2015"]
[Source "ChessBase"]
[SourceDate "2015.07.17"]
[SourceVersion "1"]
[SourceVersionDate "2015.07.17"]
[SourceQuality "1"]

1. e4 c5 2. Nf3 d6 3. d4 cxd4 4. Nxd4 Nf6 5. Nc3 g6 6. Be3 Bg7 7. f3 0-0 8. Qd2 Nc6 9. 0-0-0 d5 10. exd5 Nxd5 11. Nxc6 bxc6 12. Bd4 e5 13. Bc5 Be6 14. Ne4 Re8 15. h4 Nf4 16. g3 Qxd2+ 17. Rxd2 Nd5 18. g4 Nf4 19. h5 Bd5 20. h6 Bxe4 21. fxe4 Bf6 22. Bc4 Bg5 23. Be3 Re7 24. Rd6 Rc7 25. Kb1 Rd8 26. Rxd8+ Bxd8 27. Bc5 Rd7 28. a4 Bb6 29. Bxb6 axb6 30. Kc1 Kf8 31. Rd1 Rxd1+ 32. Kxd1 Nh3 33. b4 Ke8 34. a5 bxa5 35. bxa5 Kd7 36. Bxf7 Ng5 37. a6 Kc7 38. Be8 c5 39. Ke2 1/2-1/2

[Event "GER-ch 2014-A-V5 serv"]
[Site "GER email"]
[Date "2014.02.14"]
[Round "?"]
[White "Packroff, Hermann"]
[Black "Kocks, Friedhelm"]
[Result "1/2-1/2"]
[WhiteElo "1960"]
[BlackElo "2087"]
[PlyCount "80"]
[EventDate "2014.02.24"]
[EventType "tourn (corr)"]
[EventRounds "6"]
[EventCountry "GER"]
[SourceTitle "Corr 2015"]
[Source "ChessBase"]
[SourceDate "2015.07.17"]
[SourceVersion "1"]
[SourceVersionDate "2015.07.17"]
[SourceQuality "1"]

1. e4 e5 2. Nf3 Nc6 3. Bb5 Nf6 4. 0-0 Nxe4 5. d4 Nd6 6. Bxc6 dxc6 7. dxe5 Nf5 8. Qxd8+ Kxd8 9. Nc3 h6 10. Rd1+ Ke8 11. h3 a6 12. b3 b6 13. Bb2 Bb7 14. Ne2 c5 15. a4 Be7 16. a5 b5 17. Nf4 Bxf3 18. gxf3 c6 19. Kf1 Rd8 20. Rxd8+ Kxd8 21. e6 f6 22. Rd1+ Kc8 23. Rd7 Rd8 24. Ra7 Rd1+ 25. Ke2 Rd6 26. Ra8+ Kb7 27. Rh8 g5 28. Nh5 Rxe6+ 29. Kd3 Kc7 30. c4 Rd6+ 31. Ke2 Bd8 32. Ng3 Nd4+ 33. Bxd4 Rxd4 34. Ne4 bxc4 35. bxc4 Rxc4 36. Rh7+ Kb8 37. Rh8 Rd4 38. Nxc5 Rd5 39. Ne6 Re5+ 40. Kd3 Rxe6 1/2-1/2

[Event "GER-ch 2013-F-V7 serv"]
[Site "GER email"]
[Date "2013.12.23"]
[Round "?"]
[White "Grube, Andreas"]
[Black "Kocks, Friedhelm"]
[Result "1/2-1/2"]
[WhiteElo "2124"]
[BlackElo "2128"]
[PlyCount "66"]
[EventDate "2013.12.31"]
[EventType "tourn (corr)"]
[EventRounds "6"]
[EventCountry "GER"]
[SourceTitle "Corr 2015"]
[Source "ChessBase"]
[SourceDate "2015.07.17"]
[SourceVersion "1"]
[SourceVersionDate "2015.07.17"]
[SourceQuality "1"]

1. Nf3 d5 2. d4 Nf6 3. c4 c6 4. Nc3 a6 5. c5 Nbd7 6. Bf4 Nh5 7. Bg5 h6 8. Bd2 Qc7 9. e4 dxe4 10. Nxe4 Ndf6 11. Nc3 Be6 12. g3 g5 13. Bg2 Bg7 14. Ne5 Rd8 15. Be3 Bf8 16. h4 gxh4 17. Bf3 Ng7 18. Bf4 hxg3 19. fxg3 Qc8 20. Qa4 Bd7 21. 0-0-0 Ne6 22. Qc4 Bg7 23. Kb1 Kf8 24. Rhe1 Be8 25. Bc1 Ng5 26. Rd3 Nd5 27. Bg4 Qc7 28. Rdd1 Qa5 29. Nxd5 Rxd5 30. Ka1 Bxe5 31. Rxe5 Qd8 32. Qf1 Bd7 33. Rxd5 cxd5 1/2-1/2